|
|
|
|
| LEADER |
01910nam a2200493 a 4500 |
| 001 |
nkc20091990640 |
| 003 |
CZ PrNK |
| 005 |
20091130133732.0 |
| 007 |
ta |
| 008 |
090820s2009 xr af e 001 0bcze |
| 015 |
|
|
|a cnb001990640
|
| 020 |
|
|
|a 978-80-7106-511-1
|q (váz.) :
|c Kč 259,00
|
| 035 |
|
|
|a (OCoLC)455850777
|
| 040 |
|
|
|a ABA001
|b cze
|
| 041 |
0 |
|
|a cze
|b eng
|
| 043 |
|
|
|a e-xr---
|
| 045 |
|
|
|a t6u1
|
| 072 |
|
7 |
|a 929.5/.9
|x Genealogie. Heraldika. Šlechta. Vlajky
|2 Konspekt
|9 8
|
| 072 |
|
7 |
|a 929
|x Biografie
|2 Konspekt
|9 8
|
| 080 |
|
|
|a 929.7
|2 MRF
|
| 080 |
|
|
|a (437.3)
|2 MRF
|
| 080 |
|
|
|a (092)
|2 MRF
|
| 100 |
1 |
|
|a Bůžek, Václav,
|d 1959-
|7 jn19981000429
|4 aut
|
| 245 |
1 |
0 |
|a Jan Zrinský ze Serynu :
|b životní příběh synovce posledních Rožmberků /
|c Václav Bůžek, Ondřej Jakubec, Pavel Král
|
| 250 |
|
|
|a Vyd. 1.
|
| 260 |
|
|
|a Praha :
|b NLN, Nakladatelství Lidové noviny,
|c 2009
|
| 300 |
|
|
|a 271 s. :
|b il. (některé barev.), faksim. ;
|c 21 cm
|
| 504 |
|
|
|a Obsahuje bibliografii, bibliografické odkazy a rejstřík
|
| 546 |
|
|
|a Anglické resumé
|
| 600 |
1 |
7 |
|a Zrinský ze Serynu, Jan,
|d 1565-1612
|7 xx0101894
|2 czenas
|
| 648 |
|
4 |
|a 1565-1612
|
| 650 |
0 |
7 |
|a šlechtici
|7 ph127824
|z Česko
|y 16.-17. století
|2 czenas
|
| 650 |
0 |
9 |
|a noblemen
|z Czechia
|z Bohemia
|y 16th-17th centuries
|2 eczenas
|
| 655 |
|
7 |
|a biografie
|7 fd131909
|2 czenas
|
| 655 |
|
9 |
|a biography
|2 eczenas
|
| 700 |
1 |
|
|a Jakubec, Ondřej,
|d 1976-
|7 jo2002109957
|4 aut
|
| 700 |
1 |
|
|a Král, Pavel,
|d 1972-
|7 jn20000401509
|4 aut
|
| 856 |
4 |
1 |
|u http://www.digitalniknihovna.cz/mzk/uuid/uuid:f00a9140-026e-11e4-9789-005056827e52
|y Digitalizovaný dokument
|x NDK
|
| 910 |
2 |
|
|a BOA001
|b 2-1229.551
|
| 928 |
9 |
|
|a Nakladatelství Lidové noviny
|
| 990 |
|
|
|a BK
|
| 995 |
|
|
|a 01
|
| 991 |
|
|
|b 200910
|c NOV
|j 929.5/.9 BŮŽ
|
| 996 |
6 |
|
|b 2610391726
|c 2-1229.551
|l MZK
|r Sklad / do 1 hodiny
|n 2
|p p.v.
|w 000966497
|u 000010
|a 1
|e BOA001
|j MZK50
|s P
|